00756cam a2200241 a 4500001000800000005001700008008004100025010001700066020002200083020002200105040001800127041000800145080001500153082001900168100000600187101000800193245008600201504003900287906004500326942001200371999001700383952011400400424372920180202043106.0850116s1983 enka b 001 0 eng  a 83071883  a0122281012 (v. 1) a0122281020 (v. 2) aDLCcDLCdDLC aeng a616.92 EAS00a616.92 EAS219 a8 aINF00aStaphylococci and staphylococcal infections /cedited by C.S.F. Easmon, C. Adlam. aIncludes bibliographies and index. a7bcbccorignewd3eopcnf19gy-gencatlg 2ddccBK c41597d41597 00102udc40708PËKGa002b002cPËKGd2018-02-02l0o616.92 EASp002-2997444r2018-02-02w2018-02-02yBK